000 00377 a2200169 4500
001 174040
020 _a85-262-1597-3
040 _cMagnum
100 _aSallut, Elza Cesar
240 1 0 _aSabe o que a girafa espiou?
_lpor
245 1 0 _aSabe o que a girafa espiou?
300 _a16
362 0 _a1991
440 1 _aScipione
697 _aLITERATURA INFANTIL
942 _cBK
999 _c174040
_d174040